Good practice briefing (Record no. 103859)

MARC details
000 -LEADER
fixed length control field 01335cam a2200361 4500
001 - CONTROL NUMBER
control field J128032
008 - FIXED-LENGTH DATA ELEMENTS--GENERAL INFORMATION
fixed length control field 000000n2003 000 0 eng u
035 ## - SYSTEM CONTROL NUMBER
System control number (Sirsi) u128032
041 ## - LANGUAGE CODE
Language code of text/sound track or separate title eng
050 ## - LIBRARY OF CONGRESS CALL NUMBER
Classification number 306
-- 18
110 ## - MAIN ENTRY--CORPORATE NAME
Corporate name or jurisdiction name as entry element Chartered Institute of Housing
9 (RLIN) 2394
245 ## - TITLE STATEMENT
Title Good practice briefing
Remainder of title Supporting People - issue 25 February 2003
260 ## - PUBLICATION, DISTRIBUTION, ETC.
Place of publication, distribution, etc. Coventry
-- Chartered Institute of Housing
Date of publication, distribution, etc. 2003
300 ## - PHYSICAL DESCRIPTION
Extent 19p.
Dimensions 30cm.
350 ## - PRICE (NR) (BK AM CF MU VM SE) [OBSOLETE]
Price 10
490 ## - SERIES STATEMENT
Series statement CIH Good Practice Briefing
Volume/sequential designation 25
505 ## - FORMATTED CONTENTS NOTE
Formatted contents note Supporting People terminology
505 ## - FORMATTED CONTENTS NOTE
Formatted contents note Background and context
505 ## - FORMATTED CONTENTS NOTE
Formatted contents note National developments
505 ## - FORMATTED CONTENTS NOTE
Formatted contents note Developing a strategic approach
505 ## - FORMATTED CONTENTS NOTE
Formatted contents note Supporting People and sheltered housing
505 ## - FORMATTED CONTENTS NOTE
Formatted contents note Charging for support
505 ## - FORMATTED CONTENTS NOTE
Formatted contents note Consulting and involving service users
505 ## - FORMATTED CONTENTS NOTE
Formatted contents note Implications for black and minority ethnic communities
505 ## - FORMATTED CONTENTS NOTE
Formatted contents note Monitoring and review
505 ## - FORMATTED CONTENTS NOTE
Formatted contents note Supporting People - threat or opportunity
520 ## - SUMMARY, ETC.
Summary, etc. This Briefing gives an overview of the Supporting People programme, set up to provide and improve the quality of housing related support services to vulnerable people. References and websites.
650 ## - SUBJECT ADDED ENTRY--TOPICAL TERM
Topical term or geographic name entry element COMMUNITY HOUSING
650 ## - SUBJECT ADDED ENTRY--TOPICAL TERM
Topical term or geographic name entry element SOCIAL HOUSING
650 ## - SUBJECT ADDED ENTRY--TOPICAL TERM
Topical term or geographic name entry element SHELTERED HOUSING
690 ## - LOCAL SUBJECT ADDED ENTRY--TOPICAL TERM (OCLC, RLIN)
Topical term or geographic name as entry element HOUSING
942 ## - ADDED ENTRY ELEMENTS (KOHA)
Suppress in OPAC 0
Holdings
Withdrawn status Lost status Source of classification or shelving scheme Damaged status Not for loan Home library Current library Shelving location Date acquired Total Checkouts Full call number Barcode Date last seen Copy number Price effective from Koha item type
    Dewey Decimal Classification     London London Enquiry desk 22/11/2004   BOXED SET 30069700 06/08/2019 1 06/08/2019 Book